| 000 | 00419nam a2200145Ia 4500 | ||
|---|---|---|---|
| 008 | 220216s9999 xx 000 0 und d | ||
| 100 |
_aZhou X _cet al |
||
| 245 | 0 | _aMulti-objective environment chamber system for studying plant responses to climate change | |
| 260 |
_bPhotosynthetica _c2012 |
||
| 300 | _a24-34 | ||
| 500 | _aSource Year: 2012 | ||
| 650 | _aChamber effect | ||
| 650 | _aClimate change | ||
| 942 | _cJS | ||
| 999 |
_c63345 _d63345 |
||